Reflexie dočasnosti a večnosti v súvislosti s kontextmi trvalo udržateľného života

Bibliographic Details
Main Author: Halašová, Marta (Author)
Format: Article
Language:Slovak
ISBN:8089018785
Subjects:

MARC

LEADER 00000nab a2200000 a 4500
001 vtls010306192
003 SK-MaSNL
005 20260303091436.0
008 140527c2004 xo r m 000 00slo
015 |a SNBRA2011/09SVKPO 
038 |a SVKPO 
040 |a SVKPOCL  |b slo  |c SVKPOCL  |e AACR2 
041 0 |a slo 
044 |a xo  |c SK 
080 |a 502.131.1  |2 2001 
080 |a 316.4  |2 2001 
080 |a 316.728:502.131.1  |2 2001 
080 |a 316.728-021.465  |2 2001 
080 |a 165.745  |2 2001 
100 1 |a Halašová, Marta  |4 aut  |9 40328 
245 1 0 |a Reflexie dočasnosti a večnosti v súvislosti s kontextmi trvalo udržateľného života  |c Marta Halašová 
504 |a Bibliogr. odkazy 
650 0 7 |a filozofia života  |2 svkpocl  |9 13647 
650 0 7 |a trvalo udržateľný rozvoj  |x filozofické úvahy  |2 svkpocl  |9 22873 
650 0 7 |a trvalo udržateľný život  |2 svkpocl  |9 327412 
773 0 |t Filozofia a život - život filozofie : zborník príspevkov z vedeckej konferencie s medzinárodnou účasťou konanej v rámci 6. výročného stretnutia SFZ v dňoch 16.-18. septembra 2004 v Prešove / [editor: Eugen Andreanský]  |d [Bratislava] : Iris, [2004]  |g S. 175-183  |z 8089018785 
852 |a SVKPO  |b KIS3GCP 
958 |a SK 
958 |a NB 
999 |c 1807567  |d 1809497